000 01189nam a22003497a 4500
003 CHAP
005 20220329134445.0
008 971013s1993 r 00010 d
010 _a20717
011 _a21689
035 _a25779
040 _cCHAP
090 _aFolleto 10288 v.5
100 0 0 _aMathis, Wayne N.
_973016
245 _aStudies of Gymnomyzinae (Diptera : Ephydridae), V: a revision of the shore-fly genus Mosillus Latreille
260 _aWashington :
_bSmithsonian Institution,
_c1993
300 _a37 p.
_b: ilus.
490 _aSmithsonian contributions to zoology
_v; 548
590 _aBATCH-UPD
_b10
_c20130110
_lUCH01
_h0030
590 _aBATCH-UPD
_b10
_c20130110
_lUCH01
_h1801
590 _aBATCH-UPD
_b10
_c20130410
_lUCH01
_h1137
590 _aBATCH-UPD
_b10
_c20130914
_lUCH01
_h1218
590 _aCONVERSION
_b10
_c20130109
_lUCH01
_h1312
650 1 4 _aDípteros.
_933715
650 1 4 _aEphydridae.
_937208
700 0 _aKrivosheina, Marina G.
_963946
700 0 _aZatwarnicki, Tadeusz.
_9123764
830 0 _aSmithsonian contributions to zoology
_v; 548
_9107173
901 _aBK
942 _cFOLL
949 _aFolleto 10288 v.5
_bBC
_cFOLL
_d-59492
_eTS1
_i25779
_si
999 _c20717
_d20717